Top 12 Chicago Bulls Players - Statistics

General Stats
  • This quiz has been taken 478 times
  • The average score is 7 of 12
Answer Stats
Rank Player Win Share % Correct
1 Michael Jordan 204.5
100%
2 Scottie Pippen 99.7
99%
7 Joakim Noah 57.3
68%
4 Artis Gilmore 66.5
63%
8 Jimmy Butler 49.3
62%
12 Toni Kukoč 41.2
55%
5 Horace Grant 62.4
54%
9 Bob Love 48.2
44%
6 Luol Deng 58.4
42%
10 Jerry Sloan 48.1
36%
11 Kirk Hinrich 47.6
28%
3 Chet Walker 67.0
16%
No matching quizzes found
Score Distribution
Percent of People with Each Score
Percentile by Number Answered
Your Score History
You have not taken this quiz